Historiography of the Mughal age / (Record no. 143346)
[ view plain ]
| 000 -LEADER | |
|---|---|
| fixed length control field | 00788nam a22002417a 4500 |
| 005 - DATE AND TIME OF LATEST TRANSACTION | |
| control field | 20170814154459.0 |
| 010 ## - LCCN (DPL NO) | |
| LC control number | ENG-119801 |
| 020 ## - INTERNATIONAL STANDARD BOOK NUMBER | |
| Terms of availability | 750.00 |
| International Standard Book Number | 8184541406 |
| 020 ## - INTERNATIONAL STANDARD BOOK NUMBER | |
| Terms of availability | 750.00 |
| International Standard Book Number | 9788184541403 |
| 035 ## - SYSTEM CONTROL NUMBER | |
| System control number | EN-103333 |
| 037 ## - SOURCE OF ACQUISITION | |
| Source of stock number/acquisition | DBAD/PUB |
| 082 ## - DEWEY DECIMAL CLASSIFICATION NUMBER | |
| Classification number | 954.022 |
| 245 ## - TITLE STATEMENT | |
| Title | Historiography of the Mughal age / |
| Statement of responsibility, etc | edited by Amrita Grover, Anju Grover Chaudhary [and] J.C. Dua |
| 260 ## - PUBLICATION, DISTRIBUTION, ETC. (IMPRINT) | |
| Place of publication, distribution, etc | Delhi |
| Name of publisher, distributor, etc | Original |
| Date of publication, distribution, etc | 2014 |
| 270 ## - ADDRESS | |
| Address | A-6,2nd Floor,Nimri Commercial Center,Ashok Vihar Phase 4, |
| City | Delhi |
| Postal code | 110052 |
| 300 ## - PHYSICAL DESCRIPTION | |
| Extent | xxv,293p. |
| Dimensions | 22cm(Hb) |
| 500 ## - GENERAL NOTE | |
| General note | Includes index |
| 505 ## - FORMATTED CONTENTS NOTE | |
| Formatted contents note | Collected work of Professor B.R. Grover : vol.vii |
| 700 ## - ADDED ENTRY--PERSONAL NAME | |
| Personal name | Grover,Amrita |
| 700 ## - ADDED ENTRY--PERSONAL NAME | |
| Personal name | Grover Chaudhary,Anju |
| 700 ## - ADDED ENTRY--PERSONAL NAME | |
| Personal name | Dua,J.C. |
| 942 ## - ADDED ENTRY ELEMENTS (KOHA) | |
| Source of classification or shelving scheme | Dewey Decimal Classification |
| Item type | English Books |
| Classification part | 954.022 |
| Call number suffix | HIS |
| Withdrawn status | Lost status | Not for loan | Collection code | Home library | Current library | Date acquired | Source of acquisition | Cost, normal purchase price | Full call number | Barcode | Copy number | Cost, replacement price | Koha item type |
|---|---|---|---|---|---|---|---|---|---|---|---|---|---|
| Non-fiction | Narela | Narela | 14/08/2017 | DBAD/PUB | 750.00 | 954.022 HIS | EN-103333 | 1 | 750.00 | English Books |
